Compensation for the compulsory acquisition of land (Record no. 86705)

MARC details
000 -LEADER
fixed length control field 00457cam a2200181 4500
001 - CONTROL NUMBER
control field D13518
008 - FIXED-LENGTH DATA ELEMENTS--GENERAL INFORMATION
fixed length control field 090401t1952 xxu||||| |||| 00| 0 eng d
035 ## - SYSTEM CONTROL NUMBER
System control number (Sirsi) u10116
041 ## - LANGUAGE CODE
Language code of text/sound track or separate title eng
100 ## - MAIN ENTRY--PERSONAL NAME
Personal name Nicholls, A.W.
245 ## - TITLE STATEMENT
Title Compensation for the compulsory acquisition of land
260 ## - PUBLICATION, DISTRIBUTION, ETC.
Place of publication, distribution, etc. Hadleigh, Essex
Name of publisher, distributor, etc. Thames Bank Publishing Company
Date of publication, distribution, etc. 1952
300 ## - PHYSICAL DESCRIPTION
Extent 448p
350 ## - PRICE (NR) (BK AM CF MU VM SE) [OBSOLETE]
Price 0
520 ## - SUMMARY, ETC.
Summary, etc. Shelf 158
942 ## - ADDED ENTRY ELEMENTS (KOHA)
Suppress in OPAC 0
948 ## - LOCAL PROCESSING INFORMATION (OCLC); SERIES PART DESIGNATOR (RLIN)
c (OCLC) 04/03/1997
Holdings
Withdrawn status Lost status Source of classification or shelving scheme Damaged status Not for loan Home library Current library Shelving location Date acquired Total Checkouts Full call number Barcode Date last seen Copy number Price effective from Koha item type
    Other/Generic Classification Scheme     London London Basement 14/09/1999   SHELF 158 30011188 06/08/2019 1 06/08/2019 Reference material